| 000 | 00863nam a22002417a 4500 | ||
|---|---|---|---|
| 003 | 0 | ||
| 005 | 20250120164720.0 | ||
| 008 | 250120b xxu||||| |||| 00| 0 eng d | ||
| 020 | _a978-1-350-28353-4 | ||
| 050 |
_aNC 997 _b.M35 2024 |
||
| 100 | _aMale, Alan | ||
| 245 |
_aIllustration _ba theoretical and contextual perspective _cMale, Alam |
||
| 250 | _a3rd edition | ||
| 260 |
_aLondon _bBloomsbury Visual Art _c2024 |
||
| 300 |
_aix, 250 pages : _bcolored illustrations and pictures ; _c27cm. |
||
| 504 | _aIncludes bibliographical references and index. | ||
| 650 | _aIllustration—Theory and criticism. | ||
| 650 | _aVisual communication—Aesthetics. | ||
| 650 | _aGraphic arts—Contextual studies. | ||
| 650 | _aIllustration—Cultural and historical perspectives. | ||
| 650 | _aDesign—Philosophy and interpretation. | ||
| 942 |
_2lcc _cBK |
||
| 999 |
_c367032 _d367032 |
||